<?xml version="1.0" encoding="UTF-8"?>
<marc:record xmlns:marc="http://www.loc.gov/MARC21/slim">
   <marc:leader>00000nam a2200000 a 4500</marc:leader>
   <marc:datafield ind1="0" ind2="0" tag="245">
      <marc:subfield code="a">Unicorn Academy - Das Jahr des Einhorns</marc:subfield>
   </marc:datafield>
   <marc:datafield ind1=" " ind2="1" tag="264">
      <marc:subfield code="a">München</marc:subfield>
      <marc:subfield code="b">Omnibus</marc:subfield>
      <marc:subfield code="c">2026</marc:subfield>
   </marc:datafield>
   <marc:datafield ind1="1" ind2=" " tag="520">
      <marc:subfield code="a">Das Jahr des Einhorns: auf einem Campingausflug der Saphire schickt eine nur alle fünf Jahre auftretende Konstellation eine besondere Überraschung auf die Erde. Doch etwas bedrückt Wildstar ...#Sternschnuppen: Ava schmeißt eine Party für ein Fohlen, das auf dem Campus für Chaos sorgt, während Sophia die Verbindung ihres Vaters zur Einhorn-Konstellation untersucht.#Wildstars Traum: Die Saphire nutzen eine Übernachtung im Stall als Tarnung und machen sich heimlich auf die Suche nach den Kronensternen. Aber sie sind nicht allein auf der Suche##</marc:subfield>
   </marc:datafield>
   <marc:datafield ind1=" " ind2=" " tag="020">
      <marc:subfield code="a">9783570183496</marc:subfield>
      <marc:subfield code="9">9783570183496</marc:subfield>
   </marc:datafield>
   <marc:datafield ind1=" " ind2=" " tag="041">
      <marc:subfield code="a">ger</marc:subfield>
   </marc:datafield>
   <marc:datafield ind1=" " ind2=" " tag="300">
      <marc:subfield code="a">93 S.</marc:subfield>
   </marc:datafield>
</marc:record>
